Sự phát triển ngành giáo dục - đào tạo tỉnh Bình Dương (1975-2003)
Chuyên ngành: Lịch sử Việt Nam; Mã số: 5.03.15; Gồm có 3 chương. Chương 1. Khái quát về tự nhiên, xã hội và giáo dục của tỉnh Bình Dương. Chương 2. Sự phát triển hệ thống giáo dục quốc dân ở Bình Dương (1975-2003). Chương 3. Thành tựu, hạ...
Na minha lista:
| Autor principal: | |
|---|---|
| Formato: | Livro |
| Idioma: | Undetermined |
| Publicado em: |
Tp. Hồ Chí Minh
2004
|
| Assuntos: | |
| Acesso em linha: | http://lrc.tdmu.edu.vn/opac/search/detail.asp?aID=2&ID=30764 |
| Tags: |
Adicionar Tag
Sem tags, seja o primeiro a adicionar uma tag!
|
| Thư viện lưu trữ: | Trung tâm Học liệu Trường Đại học Thủ Dầu Một |
|---|
| LEADER | 01341nam a2200181Ia 4500 | ||
|---|---|---|---|
| 001 | TDMU_30764 | ||
| 008 | 210410s9999 xx 000 0 und d | ||
| 082 | |a 315.9774 | ||
| 100 | |a Nguyễn, Văn Nghĩa | ||
| 245 | 0 | |a Sự phát triển ngành giáo dục - đào tạo tỉnh Bình Dương (1975-2003) | |
| 245 | 0 | |c Nguyễn Văn Nghĩa; TS. Trần Thị Mai | |
| 260 | |a Tp. Hồ Chí Minh | ||
| 260 | |c 2004 | ||
| 300 | |a 162tr | ||
| 520 | |a Chuyên ngành: Lịch sử Việt Nam; Mã số: 5.03.15; Gồm có 3 chương. Chương 1. Khái quát về tự nhiên, xã hội và giáo dục của tỉnh Bình Dương. Chương 2. Sự phát triển hệ thống giáo dục quốc dân ở Bình Dương (1975-2003). Chương 3. Thành tựu, hạn chế và khuyến nghị; Luận văn Thạc sĩ Khoa học Lịch sử - Trường Đại học Khoa học Xã hội và Nhân văn thành phố Hồ Chí Minh | ||
| 650 | |a Giáo dục |z Bình Dương (Việt Nam) |x Lịch sử |y 1975-2003; Bình Dương (Việt Nam) |x Giáo dục |x Lịch sử phát triển |y 1975-2003 | ||
| 856 | |u http://lrc.tdmu.edu.vn/opac/search/detail.asp?aID=2&ID=30764 | ||
| 980 | |a Trung tâm Học liệu Trường Đại học Thủ Dầu Một | ||